Falsarios y críticos : creatividad e impostura en la tradición occidental /

Obra en que se estudia el fenómeno de la falsificación literaria como una tradición milenaria en que, desde los antiguos griegos, se crearon obras históricas, filosóficas, literarias o religiosas para atribuirlas a otros; asimismo, se estudia el fenómeno de los críticos que, a lo largo del tiempo, s...

Descripció completa

Guardat en:
Dades bibliogràfiques
Autor principal: Grafton, Anthony (autor)
Format: Llibre
Idioma:espanyol
Publicat: Barcelona, España : Crítica, 2001, c2001
Col·lecció:(Letras de Humanidad)
Matèries:
Etiquetes: Afegir etiqueta
Sense etiquetes, Sigues el primer a etiquetar aquest registre!

MARC

LEADER 00000nam^a2200000^a^4500
001 000167966
005 20250521000000.0
009 20260310101144.558
020 |a 84-8432-267-X 
037 |a Acervo ITESO - Biblioteca 
041 |a ESP 
082 |a 098. 3  |b GRA 
100 |a Grafton, Anthony  |e (autor) 
245 1 0 |a Falsarios y críticos :  |b creatividad e impostura en la tradición occidental /  |c A. Grafton ; tr. por Gonzalo G. Djembé. 
264 4 |a Barcelona, España :  |b Crítica,  |c 2001, c2001 
300 |a 161 p. 
336 |a texto  |b txt  |2 rdacontenido 
337 |a sin mediación  |b n  |2 rdamedio 
338 |a volumen  |b nc  |2 rdasoporte 
440 1 |a (Letras de Humanidad) 
500 |a Traducción de: Forgers and Critics. Cretivity and Duplicity in Western Scholarship 
520 |a Obra en que se estudia el fenómeno de la falsificación literaria como una tradición milenaria en que, desde los antiguos griegos, se crearon obras históricas, filosóficas, literarias o religiosas para atribuirlas a otros; asimismo, se estudia el fenómeno de los críticos que, a lo largo del tiempo, se han dedicado a desenmascarar a los falsarios, actividad que los ha obligado a afinar las herramientas de análisis filológico e histórico, y por lo tanto, ha generado un conocimiento más profundo de la cultura occidental. 
649 |a XX 
650 |a Falsificación y Plagio (Creación) 
650
650 |a Autoría (Atribución) 
650 |a Imitación (En Literatura) 
650 |a Falsificación y Plagio (Creación) 
650 |a Propiedad Intelectual 
650 |a Derecho de Autor 
650 |a Derecho de Propiedad 
650 |a Cultura -  |z Occidente -  |x Historia 
650 |a Literatura -  |x Historia y Crítica 
910 |a Fondo General 
920 |a Impresos - Libros 
930 |a Colección General 
905 |a 101 
901 |a 0500103948  |b IT1  |c ACC  |u 20250521 
902 |a https://opac.biblio.iteso.mx/vufind/Record/000167966